00418nam a2200145Ia 4500008004100000082001000041100002000051245002400071260001100095630002400106730002400130942000900154999001900163952009000182100328s9999 xx 000 0 und d b16600 aThompson Edward aRabindranath Tagore bOxford aRabindranath Tagore aRabindranath Tagore cBOOK c511241d511238 00104070aRNVbRNVd2010-03-28l0pRNV-16600r2010-03-28 00:00:00w2010-03-28yBOOK